Management Education (Record no. 220482)
[ view plain ]
| 000 -LEADER | |
|---|---|
| fixed length control field | 00541nam a22001937a 4500 |
| 003 - CONTROL NUMBER IDENTIFIER | |
| control field | OSt |
| 005 - DATE AND TIME OF LATEST TRANSACTION | |
| control field | 20211109190211.0 |
| 008 - FIXED-LENGTH DATA ELEMENTS--GENERAL INFORMATION | |
| fixed length control field | 211109b ||||| |||| 00| 0 eng d |
| 022 ## - INTERNATIONAL STANDARD SERIAL NUMBER | |
| Source | 2321-6353 |
| International Standard Serial Number | 2321-6353 |
| 040 ## - CATALOGING SOURCE | |
| Transcribing agency | Management education |
| 110 ## - MAIN ENTRY--CORPORATE NAME | |
| Corporate name or jurisdiction name as entry element | Management Education |
| 9 (RLIN) | 10124 |
| 222 ## - KEY TITLE | |
| Key title | Management Education |
| 245 ## - TITLE STATEMENT | |
| Title | Management Education |
| 260 ## - PUBLICATION, DISTRIBUTION, ETC. | |
| Place of publication, distribution, etc. | Bhopal |
| Name of publisher, distributor, etc. | Maharashi |
| 310 ## - CURRENT PUBLICATION FREQUENCY | |
| Current publication frequency | Biannually |
| 650 ## - SUBJECT ADDED ENTRY--TOPICAL TERM | |
| Source of heading or term | Plan your carrer manage your future |
| Form subdivision | Periodical |
| 9 (RLIN) | 10125 |
| 655 ## - INDEX TERM--GENRE/FORM | |
| Genre/form data or focus term | Periodical |
| 9 (RLIN) | 10126 |
| 942 ## - ADDED ENTRY ELEMENTS (KOHA) | |
| Source of classification or shelving scheme | Dewey Decimal Classification |
| Koha item type | Periodicals |
| Serial record | 1 |
| Withdrawn status | Lost status | Source of classification or shelving scheme | Materials specified (bound volume or other part) | Damaged status | Not for loan | Home library | Current library | Date acquired | Total Checkouts | Date last seen | Price effective from | Koha item type | Serial Enumeration / chronology |
|---|---|---|---|---|---|---|---|---|---|---|---|---|---|
| Dewey Decimal Classification | 2021/184 | Not for loan | St Aloysius Institute of Management & Information Technology | St Aloysius Institute of Management & Information Technology | 11/09/2021 | 11/09/2021 | 11/09/2021 | Periodicals | |||||
| Dewey Decimal Classification | St Aloysius Institute of Management & Information Technology | St Aloysius Institute of Management & Information Technology | 11/09/2021 | 11/09/2021 | 11/09/2021 | Periodicals | Vol. 15, No. 3 |